| 000 | 01996nam a22003497a 4500 | ||
|---|---|---|---|
| 001 | B-264343-350 | ||
| 003 | dpl | ||
| 005 | 2008072104264.0 | ||
| 008 | 080721t xxu||||| |||| 00| 0 eng d | ||
| 020 |
_a0340893125 _c60.00 |
||
| 035 | _aB-264343-350 | ||
| 040 |
_aDPL _bEN _cdpl |
||
| 082 | _aS | ||
| 100 | _aBlyton, Enid | ||
| 245 |
_aGood work, secret seven / _cby Enid Blyton |
||
| 260 |
_aLondon _bHodder Headline _c2004 |
||
| 260 |
_aNew Delhi _bBlue Berry (Vendor) _c2004 |
||
| 270 | _bNew York | ||
| 300 |
_a122p. _c18 cm (Hb) |
||
| 490 | _aThe secret seven 6 | ||
| 942 |
_2ddc _cCH _hS _mBLY |
||
| 999 |
_c13165 _d13165 |
||